| 000 | 00349nam a2200145Ia 4500 | ||
|---|---|---|---|
| 008 | 150201s2006 xx 000 0 und d | ||
| 082 |
_a615.1 _bO06W |
||
| 100 | _aWILKES, GAIL M. | ||
| 245 | _aONCOLOGY NURSING DRUG HAND BOOK | ||
| 250 | _a1ST | ||
| 260 |
_bJONES PUB. _aBOSTON _c2006 |
||
| 300 | _a1211 | ||
| 650 | _aPHARMACOLOGY | ||
| 942 |
_2ddc _cBK |
||
| 999 |
_c2246 _d2246 |
||